Quiz des Logos de Marques #2 - Statistiques

Statistiques générales
  • Ce quiz a été pris 7 746 fois
  • Le résultat moyen est 33 sur 40
Statistiques - réponses
Par images Réponse % Correct
Amazon
100%
Google
99%
Coca Cola
94%
Milka
94%
Nutella
94%
Oreo
94%
Whats App
94%
Fila
93%
Quick
93%
Skype
93%
Kinder
92%
Louis Vuitton
92%
Tesla
92%
Renault
91%
Perrier
90%
Toyota
90%
Calvin Klein
89%
The North Face
88%
Twitch
88%
Deezer
87%
Gucci
87%
Honda
87%
M&m's
87%
Tinder
87%
Volvic
87%
Opel
85%
7up
84%
Skoda
83%
Asics
82%
Chevrolet
82%
LinkedIn
80%
Vittel
79%
Evian
78%
Hyundai
74%
Timberland
72%
Badoit
70%
Tropico
70%
Dunkin' Donuts
46%
Wendy's
34%
Reebok
26%
Aucun quiz correspondant
Distribution des résultats
% des personnes avec chaque résultat
Percentile par nombre de réponses
Votre historique - résultats
Vous n’avez pas pris ce quiz